[Event "ENCI Limburg-open C"]
[Site "Maastricht"]
[Date "2012.05.26"]
[Round "3"]
[White "Overtoom, Reinier"]
[Black "Weerts, Rene"]
[Result "1-0"]
[WhiteElo "1705"]
[BlackElo "1560"]
[PlyCount "65"]
[EventDate "2012.05.25"]
[EventType "swiss"]
[EventRounds "7"]
[EventCountry "NED"]
[Source "P.Boonen"]
[SourceDate "2013.01.01"]

1. Nc3 g6 2. e4 Bg7 3. d4 d6 4. Be3 c6 5. a4 Nd7 6. Bc4 Ngf6 7. f3 e6 8. Bb3
O-O 9. Qd2 Ne8 10. Nge2 e5 11. O-O-O a6 12. h4 b5 13. h5 Nb6 14. hxg6 hxg6 15.
Bh6 Nc4 16. Bxc4 bxc4 17. Bxg7 Nxg7 18. Qh6 f6 19. Qxg6 f5 20. dxe5 Qe8 21.
Qxe8 Rxe8 22. exd6 Bd7 23. Nd4 fxe4 24. Nxe4 Kf7 25. Rh6 Rad8 26. Rdh1 Re5 27.
Rf6+ Kg8 28. Rf4 Bf5 29. Nxc6 Ne6 30. Ne7+ Kf7 31. Rxf5+ Rxf5 32. Nxf5 Kg6 33.
g4 1-0

[Event "ENCI Limburg-open C"]
[Site "Maastricht"]
[Date "2012.05.26"]
[Round "3"]
[White "Parren, Ashley"]
[Black "Daemen, Jules"]
[Result "0-1"]
[WhiteElo "1290"]
[BlackElo "1668"]
[PlyCount "54"]
[EventDate "2012.05.25"]
[EventType "swiss"]
[EventRounds "7"]
[EventCountry "NED"]
[Source "P.Boonen"]
[SourceDate "2013.01.01"]

1. e4 d5 2. exd5 Nf6 3. d4 Nxd5 4. c4 Nb6 5. Nf3 Bg4 6. Be2 Nc6 7. d5 Bxf3 8.
Bxf3 Ne5 9. b3 g6 10. Nc3 Bg7 11. Bb2 O-O 12. O-O a5 13. a4 Qd6 14. Nb5 Qf6 15.
Be2 c6 16. dxc6 bxc6 17. Na3 Nf3+ 18. Bxf3 Qxb2 19. Qd3 Rfd8 20. Qe3 Bd4 21.
Qxe7 Qxb3 22. Bd1 Qb4 23. Qxb4 axb4 24. Rb1 bxa3 25. Bb3 Nxa4 26. Bxa4 Rxa4 27.
g3 a2 0-1

[Event "ENCI Limburg-open C"]
[Site "Maastricht"]
[Date "2012.05.26"]
[Round "3"]
[White "Rosenbrand, Stefan"]
[Black "Jacobs, Tobias"]
[Result "1-0"]
[WhiteElo "1381"]
[BlackElo "1416"]
[PlyCount "67"]
[EventDate "2012.05.25"]
[EventType "swiss"]
[EventRounds "7"]
[EventCountry "NED"]
[Source "P.Boonen"]
[SourceDate "2013.01.01"]

1. e4 d5 2. exd5 Nf6 3. d4 Nxd5 4. c4 Nf6 5. Nf3 Bg4 6. Be3 e6 7. h3 Bh5 8. Be2
Be7 9. Qb3 Qc8 10. Nc3 c6 11. O-O Nbd7 12. Rac1 Nb6 13. Rfd1 O-O 14. d5 c5 15.
Rd2 Rd8 16. Rcd1 Ne8 17. Ne4 f5 18. Ng3 Bxf3 19. Bxf3 e5 20. Qc2 f4 21. Nf5 Bg5
22. Bg4 Nd7 23. h4 fxe3 24. hxg5 exf2+ 25. Rxf2 Kh8 26. Ne7 Qc7 27. Bxd7 Nd6
28. Bf5 Qxe7 29. Bxh7 Qxg5 30. Rdf1 Re8 31. Rf3 Rad8 32. Rh3 b6 33. Bg8+ Kxg8
34. Qh7# 1-0

[Event "ENCI Limburg-open C"]
[Site "Maastricht"]
[Date "2012.05.26"]
[Round "3"]
[White "Schleipfenbauer, Bent"]
[Black "Kaiser, Anton"]
[Result "1-0"]
[WhiteElo "1456"]
[BlackElo "1192"]
[PlyCount "57"]
[EventDate "2012.05.25"]
[EventType "swiss"]
[EventRounds "7"]
[EventCountry "NED"]
[Source "P.Boonen"]
[SourceDate "2013.01.01"]

1. e4 c5 2. Nc3 Nc6 3. f4 e5 4. f5 Nf6 5. Bc4 a6 6. a4 Nb4 7. Nf3 d5 8. exd5
Nfxd5 9. Nxd5 Nxd5 10. O-O e4 11. Qe1 Bxf5 12. Nh4 Bg6 13. Nxg6 hxg6 14. Qxe4+
Be7 15. Qxd5 Qxd5 16. Bxd5 O-O-O 17. Bxf7 g5 18. d3 Bd6 19. h3 g4 20. Be6+ Kb8
21. Bxg4 Be5 22. Bf4 Bxf4 23. Rxf4 a5 24. Re1 b6 25. Re7 g6 26. Rff7 Rhe8 27.
Rb7+ Ka8 28. Ra7+ Kb8 29. Rfb7# 1-0

[Event "ENCI Limburg-open C"]
[Site "Maastricht"]
[Date "2012.05.26"]
[Round "3"]
[White "Slagter, Maxim"]
[Black "Cios, Maciej"]
[Result "1/2-1/2"]
[WhiteElo "1374"]
[BlackElo "1528"]
[PlyCount "106"]
[EventDate "2012.05.25"]
[EventType "swiss"]
[EventRounds "7"]
[EventCountry "NED"]
[Source "P.Boonen"]
[SourceDate "2013.01.01"]

1. e4 e5 2. Nf3 Nc6 3. Bc4 Bc5 4. Nc3 Nf6 5. d3 O-O 6. Bg5 d6 7. Nd5 Bg4 8. h3
Bxf3 9. Qxf3 Nd4 10. Qg3 Kh8 11. Qh4 Nxc2+ 12. Ke2 Nxd5 13. Bxd8 Nf4+ 14. Kf3
Nd4+ 15. Kg3 Raxd8 16. b4 Bxb4 17. Rab1 Bd2 18. Rb2 Nfe2+ 19. Kg4 f5+ 20. exf5
Rde8 21. Be6 Rxe6 22. Rxd2 Ref6 23. Rxe2 Nxf5 24. Qh5 Rg6+ 25. Qxg6 hxg6 26.
Rb1 Nd4 27. Rd2 b5 28. a4 bxa4 29. Rb7 a3 30. Rxa7 Nb5 31. Ra5 Rf4+ 32. Kg5 Nd4
33. Rxa3 Kh7 34. g4 Ne6+ 35. Kh4 Rf3 36. g5 Nf4 37. Ra7 Nxd3 38. Kg4 e4 39.
Raa2 c5 40. Re2 d5 41. Rac2 c4 42. Kh4 c3 43. Rxc3 Rxf2 44. Rxd3 Rxe2 45. Rxd5
Rc2 46. Re5 Rc4 47. Kg3 Rc3+ 48. Kg4 e3 49. Kf4 Kg8 50. Rxe3 Rxe3 51. Kxe3 Kf7
52. Kf4 Ke6 53. Ke4 Kd6 1/2-1/2

[Event "ENCI Limburg-open C"]
[Site "Maastricht"]
[Date "2012.05.26"]
[Round "3"]
[White "Steenman, Tomas"]
[Black "Roemhild, Wolfgang"]
[Result "1-0"]
[WhiteElo "1208"]
[BlackElo "1691"]
[PlyCount "120"]
[EventDate "2012.05.25"]
[EventType "swiss"]
[EventRounds "7"]
[EventCountry "NED"]
[Source "P.Boonen"]
[SourceDate "2013.01.01"]

1. d4 g6 2. e3 Bg7 3. Bd3 d5 4. f4 Nh6 5. h3 e5 6. fxe5 Qh4+ 7. Kf1 O-O 8. Nf3
Qe7 9. b4 f6 10. b5 Qf7 11. exf6 Qxf6 12. Nbd2 Bf5 13. Ke1 Qd6 14. Nf1 Nd7 15.
Rg1 Rae8 16. Bxf5 Nxf5 17. g4 Nh6 18. a4 Qe6 19. Ba3 Rxf3 20. Qxf3 Bxd4 21. Rd1
Ne5 22. Qf4 Bc3+ 23. Ke2 Nhf7 24. Rd4 Bxd4 25. Qxd4 Nc4 26. Bb2 Nfe5 27. Rg3
Nxb2 28. Qxb2 Nc4 29. Qc3 Rf8 30. Rf3 Rxf3 31. Kxf3 Qe4+ 32. Kf2 Qh1 33. Qf6
Qxh3 34. Qd8+ Kf7 35. Qxd5+ Ke7 36. Qe4+ Kd7 37. Qxc4 Qh4+ 38. Ke2 h5 39. Qf7+
Kd8 40. Qxg6 hxg4 41. Qg8+ Ke7 42. Qg7+ Kd6 43. Qd4+ Ke6 44. Qe4+ Kd6 45. Qxb7
Qd8 46. Qc6+ Ke5 47. Qc5+ Ke6 48. Qc4+ Kf6 49. Qxg4 Kf7 50. Qh5+ Kg7 51. Qg4+
Kh7 52. Qe4+ Kh6 53. Qe6+ Kg5 54. e4 Qf8 55. Qf5+ Qxf5 56. exf5 Kxf5 57. Kd3
Ke5 58. Kc4 Kd6 59. Ne3 c6 60. Nf5+ Kc7 1-0

[Event "ENCI Limburg-open C"]
[Site "Maastricht"]
[Date "2012.05.26"]
[Round "3"]
[White "Stiefel, Marika"]
[Black "Geene, Patrick"]
[Result "1/2-1/2"]
[WhiteElo "1645"]
[BlackElo "1511"]
[PlyCount "57"]
[EventDate "2012.05.25"]
[EventType "swiss"]
[EventRounds "7"]
[EventCountry "NED"]
[Source "P.Boonen"]
[SourceDate "2013.01.01"]

1. d4 d5 2. Bf4 Nc6 3. e3 Bf5 4. Nf3 Nf6 5. c4 e6 6. Be2 Bd6 7. Ne5 Bxe5 8.
dxe5 Ne4 9. O-O f6 10. cxd5 Qxd5 11. Qxd5 exd5 12. exf6 O-O-O 13. fxg7 Rhg8 14.
Bh6 Rd6 15. Bf4 Re6 16. Rd1 Ne7 17. f3 Nf6 18. Nc3 Rxg7 19. Nb5 Bh3 20. Bg3
Rxe3 21. Kf2 Rxe2+ 22. Kxe2 Bxg2 23. Nxc7 Nf5 24. Rac1 Nxg3+ 25. Kf2 Nfe4+ 26.
fxe4 Nxe4+ 27. Ke3 Rxc7 28. Rxc7+ Kxc7 29. Rxd5 1/2-1/2

[Event "ENCI Limburg-open C"]
[Site "Maastricht"]
[Date "2012.05.26"]
[Round "3"]
[White "Veelenturf, Wim"]
[Black "Bauchmueller, Heinrich"]
[Result "0-1"]
[WhiteElo "1690"]
[BlackElo "1447"]
[PlyCount "40"]
[EventDate "2012.05.25"]
[EventType "swiss"]
[EventRounds "7"]
[EventCountry "NED"]
[Source "P.Boonen"]
[SourceDate "2013.01.01"]

1. e4 e5 2. f4 d5 3. exd5 e4 4. d4 Nf6 5. Be2 Qxd5 6. c4 Qd8 7. a3 Be7 8. Nc3
O-O 9. Be3 Re8 10. Qd2 Bg4 11. O-O-O Nc6 12. Nh3 Na5 13. Qc2 Bxe2 14. Nxe2 Nxc4
15. Bd2 Bd6 16. Rhf1 c6 17. g4 b5 18. g5 e3 19. gxf6 exd2+ 20. Rxd2 Ne3 0-1

[Event "ENCI Limburg-open C"]
[Site "Maastricht"]
[Date "2012.05.26"]
[Round "3"]
[White "Vellekoop, Kees"]
[Black "Godding, Mick"]
[Result "1-0"]
[WhiteElo "1648"]
[BlackElo "1636"]
[PlyCount "120"]
[EventDate "2012.05.25"]
[EventType "swiss"]
[EventRounds "7"]
[EventCountry "NED"]
[Source "P.Boonen"]
[SourceDate "2013.01.01"]

1. e4 d5 2. exd5 Nf6 3. Nf3 Nxd5 4. d4 Bf5 5. c4 Nb6 6. Nc3 e6 7. Bf4 Nc6 8.
Be2 Bd6 9. Bxd6 cxd6 10. O-O O-O 11. a3 Re8 12. b4 Rc8 13. c5 dxc5 14. dxc5 Nd5
15. Nb5 Re7 16. Nd6 Rcc7 17. Qd2 Nf6 18. Rad1 Red7 19. Qf4 Ne8 20. Nxe8 Qxe8
21. b5 Ne7 22. b6 axb6 23. Bb5 Nc6 24. cxb6 Rc8 25. Bxc6 Rxc6 26. Rxd7 Qxd7 27.
Ne5 Qd6 28. Qe3 Rc8 29. Re1 h6 30. g4 Bg6 31. Nxg6 fxg6 32. Qxe6+ Qxe6 33. Rxe6
Rc3 34. Re7 Rxa3 35. Rxb7 Ra4 36. h3 g5 37. Rc7 Rb4 38. b7 Kh7 39. Kg2 Rb3 40.
Kf1 Kg6 41. Ke2 Kf6 42. Kd2 Ke5 43. Kc2 Rb6 44. Rxg7 Kd5 45. Kc3 Kc5 46. Rc7+
Kd6 47. Rh7 Kc5 48. Kd3 Kd6 49. Kc3 Kc5 50. Rxh6 Rxb7 51. Rg6 Rh7 52. Rxg5+ Kd6
53. Rh5 Rf7 54. Rf5 Rh7 55. Rf3 Ra7 56. Kd4 Ra4+ 57. Ke3 Ke5 58. Rf5+ Ke6 59.
f3 Ra3+ 60. Kf4 Ra4+ 1-0

[Event "ENCI Limburg-open C"]
[Site "Maastricht"]
[Date "2012.05.27"]
[Round "4"]
[White "Bauchmueller, Heinrich"]
[Black "Deniz, Patrick"]
[Result "1-0"]
[WhiteElo "1447"]
[BlackElo "800"]
[PlyCount "65"]
[EventDate "2012.05.25"]
[EventType "swiss"]
[EventRounds "7"]
[EventCountry "NED"]
[Source "P.Boonen"]
[SourceDate "2013.01.01"]

1. e4 e5 2. f4 f6 3. f5 g6 4. Nc3 d6 5. d3 gxf5 6. Qh5+ Kd7 7. Qxf5+ Ke8 8. Qf2
Nc6 9. Be3 Be6 10. Be2 Nd4 11. Bh5+ Kd7 12. Bxd4 exd4 13. Qxd4 c5 14. Qf2 b6
15. Nge2 Bh6 16. O-O Kc7 17. d4 cxd4 18. Nxd4 Qd7 19. Nxe6+ Qxe6 20. Rad1 Ne7
21. Nb5+ Kd7 22. Rxd6+ Qxd6 23. Nxd6 Kxd6 24. Rd1+ Ke6 25. Bg4+ Kf7 26. e5 Bg5
27. h4 h5 28. hxg5 hxg4 29. Qxf6+ Kg8 30. Qxe7 Rf8 31. Qe6+ Kg7 32. Rd7+ Rf7
33. Qxf7# 1-0

[Event "ENCI Limburg-open C"]
[Site "Maastricht"]
[Date "2012.05.27"]
[Round "4"]
[White "Beissel, Daniel"]
[Black "Krug, Franz Dieter"]
[Result "1-0"]
[WhiteElo "1611"]
[BlackElo "1540"]
[PlyCount "65"]
[EventDate "2012.05.25"]
[EventType "swiss"]
[EventRounds "7"]
[EventCountry "NED"]
[Source "P.Boonen"]
[SourceDate "2013.01.01"]

1. d4 d5 2. Nd2 Nc6 3. e3 a6 4. c4 e6 5. Ngf3 Nf6 6. Bd3 Be7 7. O-O O-O 8. a3
dxc4 9. Nxc4 b5 10. Nce5 Bb7 11. Qc2 Nb8 12. Ng5 g6 13. Rd1 Nh5 14. Ne4 Bd5 15.
Nc5 Bxc5 16. dxc5 Qg5 17. e4 Qxe5 18. exd5 exd5 19. Bd2 c6 20. Re1 Qc7 21. Bh6
Rd8 22. Bg5 f6 23. Bxg6 hxg6 24. Qxg6+ Ng7 25. Bxf6 Qf7 26. Qxf7+ Kxf7 27. Bxd8
Ne6 28. Bh4 Nd7 29. b4 a5 30. f4 axb4 31. axb4 Rxa1 32. Rxa1 Nxf4 33. Rf1 1-0

[Event "ENCI Limburg-open C"]
[Site "Maastricht"]
[Date "2012.05.27"]
[Round "4"]
[White "Beukema, Jasper"]
[Black "Elisen, Peter"]
[Result "1-0"]
[WhiteElo "1625"]
[BlackElo "1431"]
[PlyCount "93"]
[EventDate "2012.05.25"]
[EventType "swiss"]
[EventRounds "7"]
[EventCountry "NED"]
[Source "P.Boonen"]
[SourceDate "2013.01.01"]

1. e4 c5 2. Nf3 d6 3. c3 Nf6 4. h3 g6 5. Bd3 Bg7 6. Bc2 Nc6 7. a3 e5 8. d4 O-O
9. O-O Qe7 10. d5 Nd8 11. Bg5 h6 12. Be3 Kh7 13. b4 b6 14. c4 Ne8 15. Nc3 f5
16. Nh2 f4 17. Bd2 Nf7 18. bxc5 bxc5 19. Rb1 Ng5 20. Ba4 Nf6 21. Bc6 Bxh3 22.
Bxa8 Rxa8 23. gxh3 Nxh3+ 24. Kg2 Qd7 25. Rh1 g5 26. Qa4 f3+ 27. Kf1 Qxa4 28.
Nxa4 Nxe4 29. Be3 Nhxf2 30. Rg1 Nh3 31. Rg4 Nf6 32. Rg3 g4 33. Nxg4 Nf4 34. Rb7
N6xd5 35. cxd5 Kh8 36. Bxf4 exf4 37. Rxf3 c4 38. Rxf4 c3 39. Rc4 Rf8+ 40. Kg2
h5 41. Ne3 Rg8 42. Kh3 Rf8 43. Kh4 Rf3 44. Nc2 Rf2 45. Nd4 Rf4+ 46. Kxh5 Bxd4
47. Rc8+ 1-0

[Event "ENCI Limburg-open C"]
[Site "Maastricht"]
[Date "2012.05.27"]
[Round "4"]
[White "Bratuszewski, Jorden"]
[Black "Vellekoop, Kees"]
[Result "1/2-1/2"]
[WhiteElo "1623"]
[BlackElo "1648"]
[PlyCount "121"]
[EventDate "2012.05.25"]
[EventType "swiss"]
[EventRounds "7"]
[EventCountry "NED"]
[Source "P.Boonen"]
[SourceDate "2013.01.01"]

1. c4 g6 2. g3 Bg7 3. Bg2 c6 4. Nc3 d6 5. e3 f5 6. Nge2 Nf6 7. O-O O-O 8. d3
Na6 9. a3 Nc7 10. Qc2 e5 11. b3 Ng4 12. Bb2 Qg5 13. Nd1 Qh6 14. h3 Nf6 15. c5
f4 16. exf4 Bxh3 17. Ne3 d5 18. Bxe5 Ne6 19. d4 Ng4 20. Bxh3 Qxh3 21. Nxg4 Qxg4
22. Bxg7 Nxg7 23. Kg2 Nf5 24. Rh1 Rae8 25. Rae1 Re7 26. Qd1 Rfe8 27. Nc3 Qxd1
28. Rxd1 h5 29. Rd3 Nh6 30. Kf3 Kg7 31. Re3 Ng4 32. Rxe7+ Rxe7 33. Rd1 Kf6 34.
b4 Kf5 35. b5 Nh2+ 36. Kg2 Ng4 37. bxc6 bxc6 38. Rb1 Nf6 39. Kf3 Ng4 40. Nd1
Nh2+ 41. Kg2 Ng4 42. Nc3 Nf6 43. Kf3 Ne8 44. Nd1 Ng7 45. Ne3+ Kf6 46. Ke2 Ne6
47. Kd3 Nd8 48. Kd2 Re4 49. Kd3 Re7 50. f3 Nf7 51. Rb8 Rc7 52. a4 Ke7 53. a5
Nd8 54. a6 Ke8 55. Ng2 Rg7 56. Nh4 Kd7 57. Rb2 g5 58. Nf5 Rg6 59. Re2 Ne6 60.
Rb2 Nd8 61. Re2 1/2-1/2

[Event "ENCI Limburg-open C"]
[Site "Maastricht"]
[Date "2012.05.27"]
[Round "4"]
[White "Calje, Adrey"]
[Black "Conte, Roberto"]
[Result "0-1"]
[WhiteElo "1032"]
[BlackElo "1368"]
[PlyCount "104"]
[EventDate "2012.05.25"]
[EventType "swiss"]
[EventRounds "7"]
[EventCountry "NED"]
[Source "P.Boonen"]
[SourceDate "2013.01.01"]

1. e4 c5 2. d4 cxd4 3. c3 dxc3 4. Nxc3 a6 5. Nf3 e6 6. Bc4 Nc6 7. O-O b5 8. Bb3
Bb4 9. Qe2 Nge7 10. Rd1 O-O 11. Qd3 Ng6 12. Bc2 f5 13. a3 Nce5 14. Nxe5 Nxe5
15. Qd4 Bxc3 16. Qxc3 Qf6 17. exf5 Bb7 18. Qh3 Rac8 19. Bb1 exf5 20. Ba2+ Kh8
21. Bb1 Qg6 22. Kh1 Ng4 23. Be3 Rce8 24. Qg3 Qh5 25. Bd4 f4 26. Bxg7+ Kxg7 27.
Qc3+ Kg8 28. Ba2+ Rf7 29. Bxf7+ Qxf7 30. Rd2 f3 31. g3 Re2 32. Rf1 Nxh2 33.
Rfd1 Ng4 34. Kg1 Qh5 35. Qb3+ d5 36. Qxf3 Qh2+ 37. Kf1 Re4 38. Re2 Qh3+ 39. Ke1
Nh2 40. Qh1 Rxe2+ 41. Kxe2 d4 42. Qxb7 Qe6+ 43. Kd3 Qb3+ 44. Kd2 Qxb2+ 45. Kd3
Qc3+ 46. Ke2 Qc2+ 47. Rd2 d3+ 48. Ke3 Nf1+ 49. Kd4 Qc4+ 50. Ke5 Nxd2 51. Qd5+
Qxd5+ 52. Kxd5 Nc4 0-1

[Event "ENCI Limburg-open C"]
[Site "Maastricht"]
[Date "2012.05.27"]
[Round "4"]
[White "Calje, Ming Dao"]
[Black "Parren, Ashley"]
[Result "0-1"]
[WhiteElo "800"]
[BlackElo "1290"]
[PlyCount "76"]
[EventDate "2012.05.25"]
[EventType "swiss"]
[EventRounds "7"]
[EventCountry "NED"]
[Source "P.Boonen"]
[SourceDate "2013.01.01"]

1. e4 e5 2. Nf3 Nc6 3. Nc3 Nf6 4. Bb5 d6 5. g3 g6 6. d4 Bd7 7. Bg5 Bg7 8. d5
Ne7 9. Bd3 c6 10. Bxf6 Bxf6 11. Qd2 cxd5 12. exd5 Nf5 13. Ne4 Bg7 14. g4 Ne7
15. Nxd6+ Kf8 16. Ng5 Be8 17. Nxb7 Qb6 18. d6 Nc6 19. d7 Bxd7 20. Nd6 Qxb2 21.
O-O Be8 22. Be4 Bh6 23. Nxe8 Rxe8 24. Bxc6 Rc8 25. Be4 Qb6 26. h4 f6 27. Kg2
fxg5 28. hxg5 Bg7 29. f4 Ke7 30. fxe5 Bxe5 31. Qd5 Qe6 32. Qb7+ Rc7 33. Qb4+
Bd6 34. Qb2 Qxe4+ 35. Kf2 Rf8+ 36. Kg1 Qxg4+ 37. Kh1 Qh3+ 38. Kg1 Qh2# 0-1

[Event "ENCI Limburg-open C"]
[Site "Maastricht"]
[Date "2012.05.27"]
[Round "4"]
[White "Chang, Hawkie"]
[Black "Beukema, Christiaan"]
[Result "1-0"]
[WhiteElo "1581"]
[BlackElo "1146"]
[PlyCount "41"]
[EventDate "2012.05.25"]
[EventType "swiss"]
[EventRounds "7"]
[EventCountry "NED"]
[Source "P.Boonen"]
[SourceDate "2013.01.01"]

1. e4 e5 2. Nf3 Nc6 3. d4 exd4 4. Nxd4 Nxd4 5. Qxd4 Nf6 6. e5 Ng8 7. Nc3 d6 8.
Bf4 f6 9. exd6 Bxd6 10. Bxd6 Qxd6 11. Qxd6 cxd6 12. Nb5 Kd7 13. O-O-O b6 14.
Nxd6 Ke7 15. Bc4 Nh6 16. Rhe1+ Kd7 17. Ne8+ Kc6 18. Bd5+ Kc5 19. Bxa8 Bg4 20.
Rd5+ Kc4 21. Re4# 1-0

[Event "ENCI Limburg-open C"]
[Site "Maastricht"]
[Date "2012.05.27"]
[Round "4"]
[White "Chappin, Rene"]
[Black "Steenman, Tomas"]
[Result "1/2-1/2"]
[WhiteElo "1592"]
[BlackElo "1208"]
[PlyCount "47"]
[EventDate "2012.05.25"]
[EventType "swiss"]
[EventRounds "7"]
[EventCountry "NED"]
[Source "P.Boonen"]
[SourceDate "2013.01.01"]

1. c4 c5 2. Nf3 d6 3. g3 Nf6 4. Bg2 g6 5. Nc3 Bg7 6. O-O O-O 7. d3 Nc6 8. Bg5
h6 9. Bd2 Re8 10. e4 e5 11. a3 a6 12. Qc1 g5 13. Nd1 Bg4 14. Bc3 Nd4 15. Bxd4
exd4 16. h3 Bxf3 17. Bxf3 Qd7 18. Bg2 b5 19. Kh2 Rac8 20. f4 g4 21. Nf2 h5 22.
b3 Rb8 23. f5 Qd8 24. Qg5 1/2-1/2

[Event "ENCI Limburg-open C"]
[Site "Maastricht"]
[Date "2012.05.27"]
[Round "4"]
[White "Daemen, Jules"]
[Black "De Lange, Gerard"]
[Result "1-0"]
[WhiteElo "1668"]
[BlackElo "1630"]
[PlyCount "117"]
[EventDate "2012.05.25"]
[EventType "swiss"]
[EventRounds "7"]
[EventCountry "NED"]
[Source "P.Boonen"]
[SourceDate "2013.01.01"]

1. Nc3 d5 2. g3 Nf6 3. Bg2 e5 4. d3 Bb4 5. Bd2 Nc6 6. e4 Bg4 7. Qc1 d4 8. Nce2
Qd6 9. f4 Bd7 10. Nf3 Bxd2+ 11. Qxd2 Bg4 12. O-O Bxf3 13. Bxf3 O-O 14. c3 Rad8
15. Rad1 Qc5 16. Kh1 Rfe8 17. cxd4 Nxd4 18. Nxd4 Rxd4 19. Qc3 Qd6 20. Be2 c5
21. Qa5 a6 22. Rc1 b5 23. Qc3 Rc8 24. fxe5 Qxe5 25. Rf5 Qd6 26. Rxc5 Rxc5 27.
Qxc5 Qd8 28. Qc8 a5 29. Qb7 Qe8 30. Rc8 Rd8 31. Rxd8 Qxd8 32. Qxb5 h6 33. a4
Qd4 34. Kg2 Qe3 35. Kf1 Qc1+ 36. Kf2 Qd2 37. h3 g6 38. e5 Nh7 39. e6 fxe6 40.
Qe8+ Nf8 41. b3 Qc3 42. Qb5 g5 43. Qc4 Qf6+ 44. Kg2 Ng6 45. d4 Kg7 46. Bg4 e5
47. Qc7+ Kf8 48. Qc8+ Kg7 49. Qd7+ Kh8 50. d5 e4 51. Qe8+ Kg7 52. Qxe4 Qb2+ 53.
Be2 Qxb3 54. d6 Qf7 55. Qd4+ Qf6 56. Qa7+ Kf8 57. Qb8+ Kg7 58. Qc7+ Kf8 59. d7
1-0

[Event "ENCI Limburg-open C"]
[Site "Maastricht"]
[Date "2012.05.27"]
[Round "4"]
[White "De Bruin, Joost"]
[Black "Been, Klaas"]
[Result "1/2-1/2"]
[WhiteElo "1729"]
[BlackElo "1738"]
[PlyCount "141"]
[EventDate "2012.05.25"]
[EventType "swiss"]
[EventRounds "7"]
[EventCountry "NED"]
[Source "P.Boonen"]
[SourceDate "2013.01.01"]

1. d4 d5 2. c4 e6 3. Nc3 Nf6 4. Bg5 Be7 5. e3 Nbd7 6. Nf3 c6 7. Bd3 dxc4 8.
Bxc4 Nd5 9. Bxe7 Qxe7 10. Rc1 Nxc3 11. Rxc3 Nf6 12. O-O Nd5 13. Bxd5 exd5 14.
Qb1 O-O 15. b4 f6 16. b5 Bd7 17. bxc6 bxc6 18. Qc2 Rfb8 19. Rb1 Qd6 20. Rcb3
Rxb3 21. Rxb3 Rb8 22. Rxb8+ Qxb8 23. Nd2 Qb4 24. Kf1 g6 25. Ke1 Qd6 26. Nf3 Bf5
27. Qa4 Qc7 28. Qb4 a5 29. Qb3 Kg7 30. h3 Bc8 31. Kf1 Ba6+ 32. Kg1 Bc4 33. Qb2
a4 34. Qb4 Qa7 35. a3 Bb5 36. Nd2 Bd3 37. Nf3 Bb5 38. Ne1 Qd7 39. Nf3 Qe6 40.
Qb1 Qe7 41. Qb2 Qe4 42. Kh2 h5 43. Qb4 g5 44. Qd6 Qe8 45. Qc7+ Kg6 46. Qd6 Kf7
47. Qc7+ Qe7 48. Qxe7+ Kxe7 49. Kg3 Kd6 50. h4 g4 51. Nh2 c5 52. dxc5+ Kxc5 53.
Nxg4 hxg4 54. Kxg4 Bd3 55. Kf4 Kd6 56. f3 Bg6 57. g4 Ke6 58. e4 dxe4 59. fxe4
Bh7 60. g5 fxg5+ 61. hxg5 Bg6 62. Ke3 Ke5 63. Kd2 Bxe4 64. Kc3 Kd5 65. Kb2 Kc4
66. Ka1 Kc3 67. g6 Bxg6 68. Ka2 Bf7+ 69. Ka1 Kb3 70. Kb1 Kxa3 71. Ka1 1/2-1/2

[Event "ENCI Limburg-open C"]
[Site "Maastricht"]
[Date "2012.05.27"]
[Round "4"]
[White "De Leeuw, Bart"]
[Black "Slagter, Maxim"]
[Result "1/2-1/2"]
[WhiteElo "1678"]
[BlackElo "1374"]
[PlyCount "115"]
[EventDate "2012.05.25"]
[EventType "swiss"]
[EventRounds "7"]
[EventCountry "NED"]
[Source "P.Boonen"]
[SourceDate "2013.01.01"]

1. Nf3 d5 2. c4 c6 3. d4 Nf6 4. Nc3 Bf5 5. Bg5 e6 6. Nh4 Bg4 7. Qc2 dxc4 8. e3
h6 9. Bf4 Nh5 10. Bg3 Nxg3 11. hxg3 Be7 12. Bxc4 Nd7 13. e4 Nf6 14. e5 Nd5 15.
Nxd5 exd5 16. Bd3 Bb4+ 17. Kf1 Qb6 18. a3 Be7 19. f3 Be6 20. Bf5 Qb5+ 21. Bd3
Qb6 22. Bf5 Bxh4 23. Bxe6 Bxg3 24. Rd1 Qb5+ 25. Kg1 fxe6 26. Qg6+ Kf8 27. Qxg3
Qxb2 28. Rh4 Qxa3 29. Rf4+ Kg8 30. Rg4 g5 31. Rxg5+ hxg5 32. Qxg5+ Kf7 33. Qf6+
Ke8 34. Qxh8+ Qf8 35. Qh5+ Kd7 36. Kf2 Qf5 37. Rh1 Qxh5 38. Rxh5 Re8 39. g4 a5
40. g5 b5 41. g6 Rg8 42. Rh7+ Kd8 43. Ra7 Rxg6 44. Rxa5 Kc7 45. Ke3 Kb6 46. Ra8
b4 47. Kd3 Rg1 48. Kc2 c5 49. dxc5+ Kxc5 50. Re8 Rg6 51. Kb3 Kd4 52. f4 Ke4 53.
Rf8 d4 54. Rf6 Rg3+ 55. Kxb4 Ke3 56. Rxe6 Kxf4 57. Kc4 d3 58. Rd6 1/2-1/2

[Event "ENCI Limburg-open C"]
[Site "Maastricht"]
[Date "2012.05.27"]
[Round "4"]
[White "De Mon, Gino"]
[Black "Dedoncker, Pieter"]
[Result "1-0"]
[WhiteElo "1172"]
[BlackElo "1106"]
[PlyCount "37"]
[EventDate "2012.05.25"]
[EventType "swiss"]
[EventRounds "7"]
[EventCountry "NED"]
[Source "P.Boonen"]
[SourceDate "2013.01.01"]

1. e4 e5 2. Nf3 Nc6 3. Nc3 Nf6 4. Bc4 Bc5 5. d3 d6 6. Bg5 h6 7. Bh4 Be6 8. Nd5
Bxd5 9. Bxd5 O-O 10. c3 g5 11. Nxg5 hxg5 12. Bxg5 Kh8 13. Qf3 Kg7 14. h4 Bd4
15. Bxc6 bxc6 16. cxd4 exd4 17. h5 Re8 18. h6+ Kg6 19. Qf5# 1-0

[Event "ENCI Limburg-open C"]
[Site "Maastricht"]
[Date "2012.05.27"]
[Round "4"]
[White "De Ruyter, Wim"]
[Black "Boer, Jan"]
[Result "0-1"]
[WhiteElo "1681"]
[BlackElo "1730"]
[PlyCount "78"]
[EventDate "2012.05.25"]
[EventType "swiss"]
[EventRounds "7"]
[EventCountry "NED"]
[Source "P.Boonen"]
[SourceDate "2013.01.01"]

1. e4 c5 2. Nc3 Nc6 3. g3 g6 4. Bg2 Bg7 5. d3 e6 6. f4 d6 7. Nf3 Nge7 8. O-O
O-O 9. Be3 Bd7 10. Rb1 Rc8 11. Ne2 Re8 12. c3 a5 13. h4 e5 14. Ng5 f6 15. Qb3+
d5 16. exd5 a4 17. Qc2 fxg5 18. dxc6 Bxc6 19. Bxc6 Rxc6 20. fxg5 Nf5 21. Bf2
Qd7 22. Qxa4 Qxd3 23. Rbe1 c4 24. Qd1 e4 25. Nf4 Qxd1 26. Rxd1 e3 27. Rd7 exf2+
28. Kxf2 Nd6 29. Kg2 b5 30. Nd5 Kh8 31. Ne7 Ra6 32. Re1 Rf8 33. Re6 Rxa2 34.
Rdxd6 Rxb2+ 35. Kh3 Bxc3 36. h5 gxh5 37. Rh6 Kg7 38. g6 Kxh6 39. g4 Rf3+ 0-1

[Event "ENCI Limburg-open C"]
[Site "Maastricht"]
[Date "2012.05.27"]
[Round "4"]
[White "De Vries, Paul1"]
[Black "De Ridder, Gertie"]
[Result "1-0"]
[WhiteElo "1476"]
[BlackElo "1121"]
[PlyCount "77"]
[EventDate "2012.05.25"]
[EventType "swiss"]
[EventRounds "7"]
[EventCountry "NED"]
[Source "P.Boonen"]
[SourceDate "2013.01.01"]

1. d4 d5 2. Nf3 Nc6 3. e3 Nf6 4. Nbd2 Bf5 5. c4 e6 6. a3 Be7 7. Be2 O-O 8. O-O
a6 9. b4 b6 10. Bb2 Ne4 11. Rc1 a5 12. cxd5 Qxd5 13. b5 Na7 14. Bc4 Qd8 15.
Nxe4 Bxe4 16. a4 Bd6 17. Ne5 Bxe5 18. dxe5 Qxd1 19. Rfxd1 Rad8 20. Bb3 Rxd1+
21. Rxd1 c5 22. f3 Bb7 23. Rd7 Nxb5 24. Rxb7 h6 25. Rd7 Na7 26. Kf2 Nc6 27. Bc3
Rb8 28. Bc4 Kf8 29. Bb5 Ne7 30. e4 Ng6 31. Ke3 Nh4 32. g3 Ng6 33. f4 Ne7 34. g4
g6 35. Be1 Ng8 36. f5 h5 37. gxh5 gxh5 38. Bh4 Kg7 39. fxe6 1-0